Measuring performance in the private economy of the Federal Republic of Germany, 1950-1973 /

Bibliographic Details
Main Author: Conrad, Klaus
Other Authors: Jorgenson, Dale W. (Dale Weldeau), 1933-
Format: Book
Language:English
Published: Tubingen : J. C. B. Mohr, 1975.
Series:Tübinger wirtschaftswissenschaftliche Abhandlungen (Tübingen, Germany) ; Bd. 19.
Subjects:

MARC

Tag First Indicator Second Indicator Subfields
LEADER 00000cam a2200000 i 4500
001 in00000079140
005 20151008060737.0
008 760206s1975 gw bs 00110 eng
010 |a  76450500  
015 |a GFR*** 
020 |a 3163375820 
035 |a (OCoLC)02894737 
035 |9 AAJ6471AM 
040 |a DLC  |c DLC  |d OCL  |d TXA  |d UtOrBLW 
043 |a e-gw--- 
049 |a TXAM  |c [1651531] 
050 0 0 |a HC290.5 I5   |b C65 
100 1 |a Conrad, Klaus. 
245 1 0 |a Measuring performance in the private economy of the Federal Republic of Germany, 1950-1973 /  |c by Klaus Conrad, Dale W. Jorgenson. 
264 1 |a Tubingen :  |b J. C. B. Mohr,  |c 1975. 
300 |a x, 198 pages ;  |c 24 cm. 
336 |a text  |b txt  |2 rdacontent 
337 |a unmediated  |b n  |2 rdamedia 
338 |a volume  |b nc  |2 rdacarrier 
490 1 |a Tubinger wirtschaftswissenschaftliche Abhandlungen ; Bd. 19 
500 |a Includes index. 
504 |a Bibliography: pages 189-194. 
650 0 |a Gross national product  |z Germany (West)  |x History. 
650 0 |a National income  |z Germany (West)  |x Accounting. 
651 0 |a Germany (West)  |x Economic conditions  |y 1974-1990. 
700 1 |a Jorgenson, Dale W.  |q (Dale Weldeau),  |d 1933- 
830 0 |a Tübinger wirtschaftswissenschaftliche Abhandlungen (Tübingen, Germany) ;  |v Bd. 19. 
999 |a MARS 
999 f f |s 9c357cb8-3b10-3cdf-b74a-f5f60f63282e  |i 10c98451-af2a-369b-aeba-ce4591d1f1cd  |t 0 
952 f f |p ric  |a Texas A&M University  |b Rellis Campus  |c Joint Library Facility  |d Remote Storage  |t 0  |e HC290.5 I5 C65  |h Library of Congress classification  |i unmediated -- volume  |m A14802596533 
998 f f |a HC290.5 I5 C65  |t 0  |l Remote Storage